[Event "Asia-ch Seniors"]
[Site "Tagaytay City"]
[Date "2023.10.20"]
[Round "8"]
[White "Matveyeva Poprukailo, Inna"]
[Black "Lim, Kian Hwa"]
[Result "1-0"]
[WhiteElo "1602"]
[BlackElo "1479"]
[PlyCount "99"]
[EventDate "2023.10.15"]
[EventType "swiss"]
[EventRounds "9"]
[EventCountry "PHI"]
[SourceTitle "Mega2024 Update 01"]
[Source "Chessbase"]
[SourceDate "2023.11.12"]
[SourceVersion "1"]
[SourceVersionDate "2023.11.12"]
[SourceQuality "1"]

1. e4 e5 2. Nf3 Nc6 3. d4 exd4 4. Nxd4 d6 5. Nc3 Nf6 6. Bb5 Bd7 7. 0-0 Be7 8. Bf4 0-0 9. Bxc6 bxc6 10. Nf5 Bxf5 11. exf5 d5 12. Qf3 h6 13. Rad1 Bd6 14. Rfe1 Rb8 15. Bxd6 cxd6 16. b3 Qd7 17. Ne2 Ne4 18. Ng3 Nxg3 19. hxg3 Rfe8 20. g4 Rxe1+ 21. Rxe1 Re8 22. Re3 d4 23. Re4 c5 24. Qe2 Kf8 25. Kf1 Rxe4 26. Qxe4 Qb5+ 27. Qe2 Qxe2+ 28. Kxe2 Ke7 29. Kd3 Kf6 30. Kc4 Ke5 31. f3 Kf4 32. Kd5 Ke3 33. Kxd6 Kd2 34. Kxc5 Kxc2 35. Kxd4 Kb2 36. b4 Kxa2 37. b5 Kb3 38. Kc5 Ka4 39. b6 axb6+ 40. Kxb6 Kb4 41. Kc6 Kc4 42. Kd6 Kd4 43. Ke7 f6 44. Kf7 Ke3 45. Kxg7 Kf2 46. Kxf6 Kxg2 47. Kg6 Kxf3 48. f6 Kxg4 49. Kxh6 Kf5 50. f7 1-0